000 00314nam a2200109Ia 4500
008 230907s9999||||xx |||||||||||||| ||und||
082 _a621.4
_bINT
245 0 _aInternal cooling in turbomachinery /
260 _aVon Kamran Institute for Fluid Dynamics,
_bBelgium :
_c2010
300 _avarious pages.
942 _cBK
999 _c598223
_d598223